000 00308nam a22001337a 4500
008 170823b xxu||||| |||| 00| 0 eng d
020 _a9781133364849
041 _aeng
080 _210 RF
_a51
100 _a38
101 _aMAT
245 _aMATHEMATICAL APPLICATION
_cHARSHBARGER.R.J
942 _2udc
_cBK
999 _c24681
_d24681